عرض عادي
عرض مارك
- D'Amico, Donita.
مدخل إسم شخص
001 - رقم الضبط
- حقل الضبط: 11602
003 - معرف رقم الضبط
- حقل الضبط: OSt
005 - تاريخ ووقت أخر عملية
- حقل الضبط: 20120419051502.0
008 - عناصر بيانات ثابتة الطول
- حقل تحكم ثابت الطول: 120419|||a|||||| | ||| d
040 ## - مصدر الفهرسة
- هيئة الفهرسة الأصلية: OSt
- وكالة الكتابة: OSt
100 ## - مدخل -- أسم شخص
- إسم شخص: D'Amico, Donita.
- عنوان العمل: Clinical handbook for health & physical assessment in nursing.
670 ## - بيانات المصدر موجوده
- الاستشهاد بالمصدر: Work cat.: (OSt)23954: Barbarito, Colleen. 11597, Clinical pocket guide for health & physical assessment in nursing /, c2012.
